ბათუმის შოთა რუსთაველის სახელმწიფო უნივერსიტეტის ბიბლიოთეკა

ქართული კულტურა : (ბიბ.ჩანაწერი № 59957)

000 -ლიდერი
ფიქსირებული სიგრძის საკონტროლო ველი 01139nam a22002177a 4500
003 - საკონტროლო ნომრის იდენტიფიკატორი
საკონტროლო ველი Ge_BSU
005 - ბოლო ოპერაციის თარიღი და დრო
საკონტროლო ველი 20230523103705.0
008 - ფიქსირებული სიგრძის მონაცემთა ელემენტები - ზოგადი ინფორმაცია
ფიქსირებული სიგრძის საკონტროლო ველი 230523s2013 ge ||||| |||| 00| 0 geo d
020 ## - წიგნის საერთაშორისო სტანდარტული ნომერი
International Standard Book Number 9789941437526
041 ## - ენის კოდი
Language code of text/sound track or separate title geo
080 ## - უნივერსალური ათობითი კლასიფიკაციის ინდექსი
Universal Decimal Classification number 821.353.,1-4:008(479.22)(09)+94(479.22) ქ-27
245 ## - ცნობა სათაურის შესახებ
Title ქართული კულტურა :
Remainder of title კრებული /
Statement of responsibility, etc გამოსაცემად მოამზადა ვალერი ასათიანმა და მანანა ფხაკაძემ.
264 ## - წარმოების, გამოცემის, დისტრიბუციის და სხვა ცნობები
გამოცემის, წარმოების, დისტრიბუციის... ადგილი თბილისი :
გამოცემის, წარმოების, დისტრიბუციის... სახელწოდება კულტურა და დიალოგი,
გამოცემის, წარმოების, დისტრიბუციის... თარიღი 2013.
300 ## - ფიზიკური აღწერა
Extent 328 გვ.;
Other physical details 24 სმ.
500 ## - ზოგადი შენიშვნა
General note ეძღვნება ვახტანგ როდონაიას ხსოვნას
653 ## - INDEX TERM--UNCONTROLLED
Uncontrolled term ქართული ფოლკლორი
653 ## - INDEX TERM--UNCONTROLLED
Uncontrolled term ქართული ყოფა და კულტურა
700 ## - ADDED ENTRY--PERSONAL NAME
Personal name ასათიანი, ვალერი
Relator term გამომცემელი
9 (RLIN) 18179
700 ## - ADDED ENTRY--PERSONAL NAME
Personal name ფხაკაზე, მანანა
Relator term გამომცემელი
9 (RLIN) 18180
942 ## - ADDED ENTRY ELEMENTS (KOHA)
Source of classification or shelving scheme
Koha item type წიგნი
ეგზემპლარები
ჩამოწერის სტატუსი დაკარგული ეგზემპლარის სტატუსი კლასიფიკაციის წყარო ან თაროზე გაწყობის სქემა დაზიანების სტატუსი არ გაიცემა მუდმივი მდებარეობა (დაცვის ადგილი) ამჟამინდელი ადგილსამყოფელი თაროზე განთავსების ადგილი შეძენის თარიღი ღირებულება, შესყიდვის ნორმალური ფასი სრული შენახვის შიფრი შტრიხკოდი ბოლო ოპერაციის თარიღი ეგზემპლარის მიმდევრობითი ნომერი (კეტერი?) Uniform Resource Identifier ფასის ძალაში შესვლის თარიღი ეგზემპლარის სახეობა საჯარო შენიშვნა
          ბათუმის შოთა რუსთაველის სახელმწიფო უნივერსიტეტის მთავარი ბიბლიოთეკა ბათუმის შოთა რუსთაველის სახელმწიფო უნივერსიტეტის მთავარი ბიბლიოთეკა წიგნსაცავი 2023-05-23 10.00 821.353.,1-4:008(479.22)(09)+94(479.22) ქ-27 64404 2023-05-23 64404 ბსუ-ს საპატიო დოქტორის გურამ ლორთქიფანიძის საჩუქარი 2023-05-23 წიგნი 10 ლ.